00958 a2200157 4500020002700000020003000027082001000057100001900067245006800086250001200154260004800166300002100214520046000235700002300695856008200718 a0324319789 (hardcover) a9780324319781 (hardcover)04a658.31 aWerner, Jon M.10aHuman resource development /cJon M. Werner, Randy L. DeSimone. a4th ed. a[S.l.] :bSouth-Western College Pub,c2005. a720 p. ;c24 cm. aMaster the basics of human resource development with HUMAN RESOURCE DEVELOPMENT! Providing you with a clear understanding of the concepts, processes, and practices that form the basis of success, this management text shows you how concepts and theory can be put into practice in a variety of organizations. Coverage includes strategic issues in HRD, employee behavior, implementing HRD programs, training, research and statistics, and team-based coverage.1 aDeSimone, Randy L.403Amazon.comuhttp://www.amazon.com/exec/obidos/ASIN/0324319789/chopaconline-20